|
|
|
|
| LEADER |
00832cam a2200217 7i4500 |
| 001 |
0000046469 |
| 005 |
20170218090000.0 |
| 020 |
|
|
|a 9781592536276 (pbk.)
|
| 020 |
|
|
|a 1592536271 (pbk.)
|
| 090 |
0 |
0 |
|a NC997
|b .B34 2009
|
| 100 |
1 |
|
|a Baer, Kim
|
| 245 |
1 |
0 |
|a Information design workbook :
|b graphic approaches, solutions, and inspiration + 30 case studies
|c Kim Baer ; with contributing writer Jill Vacarra.
|
| 260 |
|
|
|a Beverly, Mass.:
|b Rockport Pub.,
|c 2009.
|
| 300 |
|
|
|a 239 p.:
|b col. ill.;
|c 23 cm.
|
| 650 |
0 |
0 |
|a Interactive multimedia --
|x Design
|
| 650 |
0 |
0 |
|a Graphic arts
|
| 650 |
0 |
0 |
|a Communication in design
|
| 650 |
0 |
0 |
|a Visual communication
|
| 700 |
1 |
|
|a Vacarra, Jill
|
| 997 |
|
|
|a Communication, Visual Art & Computing, Faculty
|b Communication, Department
|
| 999 |
|
|
|a 0000057665
|b BOK
|c OPEN SHELF
|e 1st Floor, Bestari Jaya
|